| 000 | 00592nam a22002177a 4500 | ||
|---|---|---|---|
| 003 | OSt | ||
| 005 | 20260128110807.0 | ||
| 008 | 210707b ||||| |||| 00| 0 eng d | ||
| 020 | _a9783662554883 | ||
| 082 |
_a531 _bSCHM |
||
| 100 | _aScheck, Florian | ||
| 245 |
_aMechanics _cby Florian Scheck _b: from newton's laws to deterministic chaos |
||
| 250 | _a6th ed. | ||
| 260 |
_aBerlin _bSpringer _c2018 |
||
| 300 | _axvii, 591p. | ||
| 546 | _aEnglish | ||
| 650 | _2Mechanics, Applied--Mathematics | ||
| 650 | _2Deterministic chaos | ||
| 650 | _2Mathematical physics | ||
| 942 |
_2ddc _cBK |
||
| 999 |
_c24466 _d24466 |
||